000 00575nam a2200217Ia 4500
003 OSt
005 20220927104727.0
006 a|||||r|||| 00| 0
007 ta
008 220926b |||||||| |||| 00| 0 eng d
024 _a159904
037 _cReference Collections
040 _aRTL
_cRTL
_beng
041 _2eng
_aeng
082 _a"X71.213.N85, M5"
245 0 _aBudget
_b Detailed estimates 1985-86
260 _c1985
300 _a"iii, 481p"
_ccm.
942 _h"X71.213.N85, M5"
_cCC
999 _c688387
_d688387